ბათუმის შოთა რუსთაველის სახელმწიფო უნივერსიტეტის ბიბლიოთეკა

თანამედროვე უნივერსიტეტის მისია = The mission of the modern university : (ბიბ.ჩანაწერი № 57184)

000 -ლიდერი
ფიქსირებული სიგრძის საკონტროლო ველი 02112nam a22003017a 4500
003 - საკონტროლო ნომრის იდენტიფიკატორი
საკონტროლო ველი Ge_BSU
005 - ბოლო ოპერაციის თარიღი და დრო
საკონტროლო ველი 20191224115429.0
008 - ფიქსირებული სიგრძის მონაცემთა ელემენტები - ზოგადი ინფორმაცია
ფიქსირებული სიგრძის საკონტროლო ველი 191224s2018 ge ||||| |||| 00| 0 geo d
020 ## - წიგნის საერთაშორისო სტანდარტული ნომერი
International Standard Book Number 9789941804861
041 ## - ენის კოდი
Language code of text/sound track or separate title geo
080 ## - უნივერსალური ათობითი კლასიფიკაციის ინდექსი
Universal Decimal Classification number 378.4 თ-29
245 ## - ცნობა სათაურის შესახებ
Title თანამედროვე უნივერსიტეტის მისია = The mission of the modern university :
Remainder of title კრებული /
Statement of responsibility, etc რედ : მიტროპოლიტი გრიგოლი (ბერბიჭაშვილი) ; უდო რაინჰოლდ იეკი ; თენგიზ ირემაძე ; ყდის დიზ : გიორგი ბაგრატიონი .
250 ## - გამოცემის ცნობა
Edition statement I გამოცემა
264 ## - წარმოების, გამოცემის, დისტრიბუციის და სხვა ცნობები
გამოცემის, წარმოების, დისტრიბუციის... ადგილი თბილისი,
გამოცემის, წარმოების, დისტრიბუციის... თარიღი 2018.
300 ## - ფიზიკური აღწერა
Extent 132 გვ. ;
Dimensions 18 სმ.
500 ## - ზოგადი შენიშვნა
General note სახელთა საძიებელი: გვ. 123-128
504 ## - BIBLIOGRAPHY, ETC. NOTE
Bibliography, etc ბიბლიოგრ. ტექსტის შენიშვნებში.
520 ## - SUMMARY, ETC.
Summary, etc რეზიუმეები ინგლ. ენაზე.
546 ## - LANGUAGE NOTE
Language note ყდა, თავფურცელი ქართ. და ინგლ. ენებზე.
653 ## - INDEX TERM--UNCONTROLLED
Uncontrolled term საუნივერსიტეტო განათლება.
653 ## - INDEX TERM--UNCONTROLLED
Uncontrolled term უმაღლესი განათლება
700 ## - ADDED ENTRY--PERSONAL NAME
Personal name (ბერბიჭაშვილი) , გრიგოლი მიტროპოლიტი
Relator term რედაქტორი
9 (RLIN) 5943
700 ## - ADDED ENTRY--PERSONAL NAME
Personal name რაინჰოლდ , იეკი უდო
Relator term რედაქტორი
9 (RLIN) 5944
700 ## - ADDED ENTRY--PERSONAL NAME
Personal name ირემაძე , თენგიზ
Relator term რედაქტორი
9 (RLIN) 2229
700 ## - ADDED ENTRY--PERSONAL NAME
Personal name ბაგრატიონი , გიორგი
Relator term ყდის დიზაინი
9 (RLIN) 5945
710 ## - ADDED ENTRY--CORPORATE NAME
Corporate name or jurisdiction name as entry element ახალი საქართველოს უნ-ტი, კავკასიური ფილოსოფიისა და თეოლოგიის სამეცნიერო-კვლევითი არქივი.
9 (RLIN) 5946
942 ## - ADDED ENTRY ELEMENTS (KOHA)
Source of classification or shelving scheme
Koha item type წიგნი
ეგზემპლარები
ჩამოწერის სტატუსი დაკარგული ეგზემპლარის სტატუსი კლასიფიკაციის წყარო ან თაროზე გაწყობის სქემა დაზიანების სტატუსი არ გაიცემა მუდმივი მდებარეობა (დაცვის ადგილი) ამჟამინდელი ადგილსამყოფელი თაროზე განთავსების ადგილი შეძენის თარიღი ღირებულება, შესყიდვის ნორმალური ფასი სრული შენახვის შიფრი შტრიხკოდი ბოლო ოპერაციის თარიღი ეგზემპლარის მიმდევრობითი ნომერი (კეტერი?) ფასის ძალაში შესვლის თარიღი ეგზემპლარის სახეობა საჯარო შენიშვნა
          ბათუმის შოთა რუსთაველის სახელმწიფო უნივერსიტეტის მთავარი ბიბლიოთეკა ტექნოლოგიური ფაკულტეტის ბიბლიოთეკა წიგნსაცავი 2019-12-24 7.00 378.4 თ-29 60315 2019-12-24 60315 2019-12-24 წიგნი 7.00